000 00644cab a2200229 4500
001 X3382
008 090401t1996 xxu||||| |||| 00| 0 eng d
035 _a(Sirsi) u30107
041 _aeng
245 _aHavant BC v South Coast Shipping Co Ltd
260 _c1996
350 _a0
490 _aConstruction Industry Law Letter
_v[1996]CILL 1143-1150, (3)
650 _aCONSTRUCTION OF METHOD STATEMENT
650 _aENTITLEMENT TO VARIATION
650 _aHAVANT BC V SOUTH COAST SHIPPING CO LTD
650 _aICE CONDITIONS OF CONTRACT
650 _aMETHOD STATEMENT
690 _aLAW-CASE LAW
942 _n0
948 _c04/03/1997
999 _c20277
_d20277